Từ điển tiếng Anh thương mại : (Dành cho người học tiếng Anh) = Business English dictionary (For learners of English)

Сохранить в:
Библиографические подробности
Главный автор: Nguyễn, Quốc Hùng
Формат:
Язык:Undetermined
Опубликовано: Thành phố Hồ Chí Minh Văn hoá Sài Gòn 2006
Предметы:
Метки: Добавить метку
Нет меток, Требуется 1-ая метка записи!
Thư viện lưu trữ: Trung tâm Học liệu Trường Đại học Cần Thơ
LEADER 00689nam a2200205Ia 4500
001 CTU_152245
008 210402s9999 xx 000 0 und d
020 |c 98000 
082 |a 330.03 
082 |b H513 
100 |a Nguyễn, Quốc Hùng 
245 0 |a Từ điển tiếng Anh thương mại : 
245 0 |b (Dành cho người học tiếng Anh) = Business English dictionary (For learners of English) 
245 0 |c Nguyễn Quốc Hùng 
260 |a Thành phố Hồ Chí Minh 
260 |b Văn hoá Sài Gòn 
260 |c 2006 
650 |a Business,Economics 
904 |i Giang 
980 |a Trung tâm Học liệu Trường Đại học Cần Thơ